Statistics for 2-letter Blocks by Country Containing them

Click here to take the quiz!

General Stats

  • This quiz has been taken 782 times
  • The average score is 206 of 275

Answer Stats

__% Correct
AN
100%
IN
100%
NA
99%
NI
99%
RA
99%
ST
99%
TA
99%
AT
98%
ED
98%
ES
98%
IA
98%
IT
98%
ND
98%
TE
98%
AD
97%
AI
97%
AL
97%
CA
97%
DO
97%
HA
97%
IC
97%
LA
97%
NG
97%
OM
97%
UN
97%
AR
96%
CH
96%
EN
96%
IS
96%
KI
96%
LI
96%
ME
96%
NE
96%
RE
96%
RI
96%
TI
96%
BA
95%
CE
95%
CO
95%
DA
95%
DE
95%
ER
95%
MA
95%
MO
95%
ON
95%
RU
95%
SI
95%
TH
95%
US
95%
AM
94%
AU
94%
EM
94%
GO
94%
NT
94%
OR
94%
PA
94%
GE
93%
HI
93%
IR
93%
TR
93%
UR
93%
AF
92%
AZ
92%
BI
92%
EL
92%
GU
92%
IL
92%
MB
92%
UA
92%
ZE
92%
EA
91%
FR
91%
GA
91%
HE
91%
MI
91%
OL
91%
RG
91%
SA
91%
SO
91%
VI
91%
DI
90%
EP
90%
JA
90%
OU
90%
RO
90%
PU
89%
TU
89%
UB
89%
ZA
89%
ZI
89%
BO
88%
EC
88%
GD
88%
NC
88%
RK
88%
UT
88%
WA
88%
AB
87%
AK
87%
BE
87%
BL
87%
VA
87%
WE
87%
AP
86%
CR
86%
EG
86%
OS
86%
SW
86%
GY
85%
LE
85%
RM
85%
SS
85%
TO
85%
AS
84%
BU
84%
ET
84%
GR
84%
JI
84%
NO
84%
RB
84%
AY
83%
BR
83%
OC
83%
UD
83%
AG
82%
KO
81%
OF
81%
OV
81%
PO
81%
RT
81%
FI
80%
GH
80%
IB
80%
LO
80%
IE
79%
KA
79%
NY
79%
VE
79%
HU
78%
LU
78%
RW
78%
UE
78%
UG
78%
YA
78%
LG
77%
YR
77%
CI
76%
DS
76%
KE
76%
EW
75%
EX
75%
IG
75%
IJ
75%
IM
75%
XI
75%
PE
74%
YP
74%
HS
72%
KH
72%
SL
72%
TS
72%
EY
71%
PI
71%
RL
71%
KY
70%
UI
70%
YZ
70%
ZS
70%
FG
69%
SE
69%
SP
69%
SU
69%
EI
68%
SH
68%
IV
67%
QU
67%
SR
67%
WI
67%
YE
67%
BW
66%
CU
66%
OT
66%
AH
65%
AJ
65%
EK
65%
IK
65%
IP
65%
LY
65%
NL
65%
PT
65%
UZ
65%
ZB
65%
AQ
64%
RR
64%
GI
63%
HO
63%
IU
63%
OA
63%
AO
62%
EE
62%
LL
62%
PR
61%
AC
60%
EZ
60%
QA
60%
VO
60%
ZU
60%
KR
59%
RD
59%
UK
59%
EO
58%
IQ
58%
KM
58%
OZ
58%
UX
58%
XE
58%
EV
57%
NM
57%
TT
57%
TY
56%
TZ
56%
TN
55%
AE
54%
FE
54%
HT
54%
NS
54%
RZ
53%
SN
53%
BH
52%
CC
52%
CZ
52%
LB
51%
LD
51%
PH
51%
PP
51%
DJ
50%
ID
50%
KU
50%
OB
50%
RY
50%
UC
50%
UW
50%
BY
49%
DU
49%
IO
49%
JO
49%
OP
49%
RS
49%
TV
49%
UY
49%
NU
48%
UM
48%
YS
48%
CY
47%
GL
47%
SY
47%
SC
46%
HR
45%
LV
45%
UL
45%
UV
45%
NK
43%
IZ
42%
OD
42%
YC
42%
EB
41%
EQ
40%
IW
40%
LT
40%
NZ
40%
OG
39%
AW
36%
FA
35%
OI
33%
OO
29%

Score Distribution

Percentile by Number Answered

Percent of People with Each Score

Your Score History

You have not taken this quiz